| 000 | 00472nam a2200181Ia 4500 | ||
|---|---|---|---|
| 001 | 13546 | ||
| 005 | 20260306164809.0 | ||
| 008 | 260306t2013||||xx |||||||||||||| ||spa|| | ||
| 041 | _aESP | ||
| 082 |
_a004.6 _bS78B |
||
| 100 |
_aStallings, William _eAUT |
||
| 245 | 0 |
_aBusiness data communications: _binfrastructure, networking and security |
|
| 260 | _c2013 | ||
| 300 |
_axix, 599 páginas : _c24 cm. |
||
| 650 | _aGEN | ||
| 654 | _aCCC | ||
| 942 |
_cLIB _dJUS _fJUS _2ddc _n |
||
| 999 |
_c13546 _d13546 |
||